| 000 | 01012 a2200241 4500 | ||
|---|---|---|---|
| 001 | 46353 | ||
| 020 | _a9788574120041 | ||
| 020 | _q(Broch.) | ||
| 041 | _apor | ||
| 082 | _a028.5 | ||
| 100 | _aWood, A.J. | ||
| 520 | _aUma cidade perdida nas profundezas de uma floresta e macacos guerreiros prontos a atacar quem se aproximar. É assim a aventura vivida por Tom e seus amigos. O trajeto é cercado de perigos, mas quem conseguir descobrir as cinco pistas que fazem parte do mistério verá que o final da história é mais surpreendente do que poderia imaginar! | ||
| 521 | _aYear 4 | ||
| 697 | _aLiteratura infanto-juvenil | ||
| 856 | _u00002a/00002a41.jpg | ||
| 040 |
_aBR-BrIDEA _cBR-BrIDEA |
||
| 090 |
_aA Year 4 028 _bWOO |
||
| 245 | 1 | 0 |
_aEm busca da cidade perdida _cA.J Wood; ilustrações de Maggie Downer; tradução de Gilda Aquino |
| 260 |
_aSão Paulo _bBrinque-Book _c2019 |
||
| 300 |
_a32 p. _bil. color |
||
| 700 |
_aDowner, Maggie _eIlustrador _aAquino, Gilda de _eTradutor |
||
| 942 | _cBK | ||
| 999 |
_c46353 _d46353 |
||